000 00915nam a2200241 a 4500
001 000027005
005 20250502073820.0
008 100406s1994 dr 000 0 spa d
040 _aDO-SdBNP
_bspa
_cBNPHU
082 _a923.77293
_bP422v
100 1 _aVallejo de Paredes, Margarita
_923195
245 1 0 _aVida y obra de Ercilia Pepín /
_cMargarita Vallejo de Paredes.
260 _aSanto Domingo :
_bONAP,
_c1994.
300 _a77 p. ;
_c21 cm.
500 _aIncluye referencias bibliográficas y notas al pie de las páginas
504 _aBibliografía: p. 73-77
590 _aInventariado, 2019/VM
600 1 0 _aPepín, Ercilia,
_d1886-1939
_96456
650 4 _aMaestros
_zRepública Dominicana
_96457
650 4 _aEducación
_zRepública Dominicana
_xHistoria
_913100
710 1 _aRepública Dominicana.
_bOficina Nacional de Administración y Personal
_926398
910 _aValidado. Control de calidad MFF
999 _c26497
_d26497